000 01010nam a2200241Ia 4500
003 OSt
005 20250808123321.0
008 191128t2006 ck a br 000 j spa d
020 _a9789588321080
040 _aCO-JMCR
_cCO-JMCR
041 0 _aspa
082 0 4 _aC
_bGRIr
100 1 _aGrimm, Jacob Ludwig Karl,
_eautor
_93269
245 1 0 _aRelatos para niños y otros lectores /
_cHermanos Grimm, Alexander Pushkin, Rudyard Kipling ; ilustraciones, Olga Cuéllar
260 _aBogotá :
_bAlcaldía Mayor de Bogotá,
_c©2006
300 _a63 páginas :
_bilustraciones a blanco y negro ;
_c17 cm.
490 0 _aLibro al viento
505 _tLa historia del Sr. Vinagre : cuento tradicional inglés --
_tLa nariz /
_rHermanos Grimm --
_tLa historia del pez de oro /
_rAlexander Pushkin --
_tEl gato que caminaba solo /
_rRudyard Kipling
650 1 4 _aCuentos infantiles
_93270
700 _aPushkin, Aleksandr Sergeevich,
_eautor
_93271
700 _aKipling, Rudyard,
_eautor
_93272
942 _2ddc
_cBK
999 _c3758
_d3758